| 000 | nam a22 a 4500 | ||
|---|---|---|---|
| 999 |
_c206262 _d206262 |
||
| 003 | BLK | ||
| 005 | 20221121095632.0 | ||
| 008 | 180411b bul|||||r ||||||| ||bul|| | ||
| 010 | _aKNG00216011000 | ||
| 040 | _aBLK | ||
| 041 |
_aBUL _cBUL |
||
| 080 |
_aБългарски език _b811.163.2 _z811.163.2 |
||
| 100 |
_aЧизмаров, Димитър Георгиев _eпърви автор _9373589 |
||
| 139 |
_aЧизмаров, Димитър Георгиев _bЧ 79 |
||
| 245 | 1 | 0 |
_aСтилистични особености на съществителното име в българския език _bИзследване _cДимитър Чизмаров. |
| 257 | _aBGR | ||
| 260 |
_aСофия _bНар. просв. _c1978 _fХасково : Ат. Стратиев |
||
| 300 |
_a183 с. _c20 см |
||
| 380 | _a80 | ||
| 500 | _a5 705 тир. | ||
| 504 | _aБиблиогр. под линия. | ||
| 650 | 4 |
_aБългарски език - морфология _9245187 |
|
| 650 | 4 |
_aБългарски език - стилистика _9247579 |
|
| 852 |
_aЦб 94852 _bЦб |
||
| 856 | 4 |
_qpdf _i0.00 _ldisable |
|
| 856 | 4 |
_qpdf _i0.00 _ldisable |
|
| 942 |
_cKNG _n0 _s1 |
||
| 944 |
_aCR _c09.02.2018 _kГрета_Цуфелде |
||
| 944 |
_aED _c09.02.2018 _kГрета_Цуфелде |
||
| 999 | _d206262 | ||